000 00621nam a2200205Ia 4500
005 20251020182535.0
008 200515s9999 xx 000 0 und d
082 _a72.017/W34
100 _aWATERMANN, GISELA
245 0 _aManejo del color en la decoración
260 _aSantafé de Bogotá, D.C.
260 _c1995
500 _a1 ejemplar
520 _aValiosos criterios para la asesoría de los colores de moda, posibilitando estructurar y reestructurar un ambiente, evitando cometer errores de inversión
650 _aCOLOR
650 _aDECORACION
650 _aESPACIO
650 _aLIB
942 _cLIB
999 _c2201
_d2201